000 00751nam a22001695i 4500
001 153249
003 ES-MaACL
005 20230906205106.0
008 040903s1847 fr |||| | fre d
110 2 _aConseil Central de Salubrité du Département de la Gironde.
_9134295
245 1 0 _aCollection des rapports du Conseil Central de Salubrité du département de la Gironde pour les années 1845 et 1846 /
_cmis en ordre par Léon Marchant.
260 _aBordeaux :
_b[s.n.],
_c1847 (
_fImp. de Durand)
300 _a61, [1] en bl., [2] p. ;
_c20 cm.
650 4 _aSalubridad pública-
_zFrancia.
_9172601
700 1 _aMarchant, Léon.
_9129450
852 _aES-MaACL
_jR-1366(3)
_z- Enc. hol.
_z- Enc. en un vol. facticio
_z- Donat. Mateo Seoane
999 _c153249
_d153249